[Event "Cassovia op"]
[Site "Kosice"]
[Date "1997.??.??"]
[Round "?"]
[White "Pejko, Otomar"]
[Black "Koutsin, Sergey"]
[Result "1/2-1/2"]
[WhiteElo "2255"]
[BlackElo "2440"]

1.Nf3 d5 2.c4 c6 3.g3 Nf6 4.Bg2 g6 5.b3 Bg7 6.Bb2 O-O 7.O-O Re8 8.Qc2 a5
9.d3 Bg4 10.Nbd2 Nbd7 11.e4 dxe4 12.Nxe4 Nxe4 13.dxe4 Bxb2 14.Qxb2 e5 15.Ne1 Qb6
16.h3 Be6 17.Nd3 f6 18.Kh2 Rad8 19.Qa3 Nf8 20.Rad1 Rd4 21.Qc5 Qc7 22.Nb2 b6
23.Qa3 Red8 24.Rxd4 Rxd4 25.Nd1 Qd6 26.Qc1 Rd2 27.Nc3 Qd4 28.Rd1 Rxd1 29.Nxd1 Nd7
30.Qc2 Nc5 31.Qe2 a4 32.Qc2 Qd3 33.Qxd3 Nxd3 34.bxa4 Nc5 35.Nb2 Kf7 36.f3 Ke7
37.Kg1 Kd6 38.Kf2 Nb7 39.Ke2 Kc5 40.Bf1 Kb4 41.Kd2 Nc5 42.Kc2 Nxa4 43.Nxa4 Kxa4
44.Kb2 Kb4 45.a3+ Kc5 46.Kc3 f5 47.exf5 Bxf5 48.h4 e4 49.fxe4 Bxe4 50.g4 h6
51.Bd3 Bxd3 52.Kxd3 b5 53.cxb5 cxb5 54.Kc3 g5 55.hxg5 hxg5 56.Kb3 Kc6 57.Kb4 Kb6
58.Kc3 Kc5 59.Kb3 Kc6  1/2-1/2

[Event "MK Cafe Cup-B"]
[Site "Koszalin"]
[Date "1997.??.??"]
[Round "3"]
[White "Czerniawski, Marek"]
[Black "Kapral, Krzysztof"]
[Result "1-0"]
[WhiteElo "2185"]
[BlackElo "2010"]

1.Nf3 d5 2.c4 c6 3.g3 Nf6 4.Bg2 Bg4 5.cxd5 cxd5 6.Ne5 Bf5 7.g4 Be4 8.Qa4+ Nbd7
9.Bxe4 Nxe4 10.Nxd7 Qxd7 11.Qxd7+ Kxd7 12.d3 Rc8 13.O-O Nd6 14.Be3 b6 15.Nc3 e6
16.a4 h5 17.h3 hxg4 18.hxg4 Be7 19.a5 Bf6 20.axb6 d4 21.Rxa7+ Kc6 22.g5 dxe3
23.gxf6 gxf6 24.fxe3 Kxb6 25.Rfa1 Rcg8+ 26.Kf2 Rh2+ 27.Ke1 Rg1+ 28.Kd2 Rxa1
29.Rxa1 f5 30.Ra8 Rh4 31.Kc2 Rh3 32.Kd2 Rh4 33.Ra4 Rh3 34.Rb4+ Kc5 35.Rb8 Rh4
36.b3 Kc6 37.Na4 Kc7 38.Ra8 Kb7 39.Ra5 Rg4 40.Nb2 Rg1 41.Nc4 Nc8 42.Rc5 Rb1
43.Rb5+ Kc7 44.Ne5 Nd6 45.Rb4 Rh1 46.Ra4 Kb7 47.Nc4 Nc8 48.Ra2 Rf1 49.Rc2 f4
50.exf4 Rxf4 51.Ke3 Rh4 52.Rc1 Kb8 53.Rg1 Ne7 54.Kd2 Kc7 55.Rg7 Rf4 56.Ne5  1-0

[Event "MK Cafe Cup-B"]
[Site "Koszalin"]
[Date "1997.??.??"]
[Round "5"]
[White "Bienkowski, Gabriel"]
[Black "Kaszynski, Bartiomiej"]
[Result "1-0"]
[WhiteElo "2105"]
[BlackElo "2030"]

1.Nf3 d5 2.c4 e6 3.g3 Nf6 4.Bg2 c5 5.O-O Nc6 6.cxd5 exd5 7.d4 Bf5 8.Nc3 Be7
9.Bg5 O-O 10.dxc5 d4 11.Na4 Qd7 12.Ne1 Ne5 13.Nd3 Nxd3 14.exd3 Bh3 15.Bxh3 Qxh3
16.Bxf6 Bxf6 17.Qf3 Qd7 18.b3 Rac8 19.Rfe1 Rc7 20.Qd1 Rfc8 21.b4 Bg5 22.Nb2 Rc6
23.Nc4 Rf6 24.Re4 Rcc6 25.Qg4 Qxg4 26.Re8+  1-0

[Event "MK Cafe Cup-B"]
[Site "Koszalin"]
[Date "1997.??.??"]
[Round "7"]
[White "Bienkowski, Gabriel"]
[Black "Lercel, Michal"]
[Result "1/2-1/2"]
[WhiteElo "2105"]
[BlackElo "2060"]

1.Nf3 d5 2.c4 c6 3.cxd5 cxd5 4.d4 Nf6 5.Nc3 Nc6 6.Bf4 e6 7.e3 Be7 8.Bd3 O-O
9.h3 Bd7 10.O-O a6 11.Qe2 b5 12.a3 Na5 13.Ne5 Rc8 14.Rac1 Bc6 15.Nxc6 Rxc6
16.Na2 Ne4 17.Nb4 Bxb4 18.axb4 Qc8 19.Rxc6 Nxc6 20.f3 Nf6 21.Bd6 Re8 22.Ra1 e5
23.Qc2 e4 24.fxe4 Nxe4 25.Bxe4 Rxe4 26.Rc1 Rxe3 27.Kf2 Qe8 28.Qxc6 Re2+ 29.Kg1 Qe3+
30.Kh2 Rxg2+ 31.Kxg2 Qe2+ 32.Kg3 Qe3+  1/2-1/2

[Event "RUS-Cup7"]
[Site "Kstovo"]
[Date "1997.??.??"]
[Round "4"]
[White "Kulikov, Alexander O"]
[Black "Tregubov, Pavel V"]
[Result "0-1"]
[WhiteElo "2285"]
[BlackElo "2525"]

1.Nf3 d5 2.c4 c6 3.d4 e6 4.e3 Bd6 5.Qc2 f5 6.Bd3 Nf6 7.O-O O-O 8.Ne5 c5 9.cxd5 cxd4
10.exd4 Nxd5 11.Qe2 Nc6 12.Nf3 Qf6 13.Rd1 Nxd4 14.Nxd4 Qxd4 15.Bxf5 Qb6 16.g4 Bc5
17.Na3 Bxa3 18.Rxd5 exd5  0-1

[Event "La Plata"]
[Site "La Plata"]
[Date "1997.??.??"]
[Round "3"]
[White "Panno, Oscar"]
[Black "Braga, Fernando"]
[Result "1-0"]
[WhiteElo "2450"]
[BlackElo "2465"]

1.Nf3 d5 2.c4 e6 3.g3 Nf6 4.Bg2 Be7 5.O-O O-O 6.b3 c5 7.e3 Nc6 8.Qe2 b6 9.Bb2 Bb7
10.Rd1 Qc7 11.Nc3 dxc4 12.bxc4 a6 13.Rab1 Rab8 14.Ba1 Na7 15.d4 cxd4 16.exd4 b5
17.d5 Rfe8 18.dxe6 Bc5 19.Nd5 Nxd5 20.cxd5 fxe6 21.dxe6 Rbc8 22.Bd4 Qb6 23.Qe5 Bxd4
24.Nxd4 Bxg2 25.Nf5 Qc7 26.Qxc7 Rxc7 27.Kxg2 Rxe6 28.Rb2 g6 29.Ne3 Kf7 30.Rd8 Nc6
31.Rh8 Kg7 32.Ra8 Ne5 33.Nd5 Rd7 34.Nf4 Rc6 35.Re2 Nc4 36.h4 Kf7 37.g4 Rf6
38.Nh3 h6 39.g5 hxg5 40.Nxg5+ Kg7 41.Ree8 Rb6 42.Rh8 Kf6 43.Rae8 Nd6 44.Re6+ Kf5
45.Rf8+ Kg4 46.Nf3  1-0

[Event "La Plata"]
[Site "La Plata"]
[Date "1997.??.??"]
[Round "9"]
[White "Bielicki, Carlos"]
[Black "Rossetto, Hector"]
[Result "1/2-1/2"]
[WhiteElo "2290"]
[BlackElo "2285"]

1.Nf3 d5 2.c4 c6 3.d4 Nf6 4.cxd5 cxd5 5.Nc3 Nc6 6.Bf4 Bf5 7.e3 Qb6 8.Bb5 e6
9.O-O Be7 10.Qb3 O-O 11.Na4 Qa5 12.Bxc6 bxc6 13.Rfc1 Rac8  1/2-1/2

[Event "La Pobla de Lillet op"]
[Site "La Pobla de Lillet"]
[Date "1997.??.??"]
[Round "6"]
[White "Spassov, Liuben"]
[Black "Garcia Galeote, Lorenzo"]
[Result "1-0"]
[WhiteElo "2425"]
[BlackElo "2145"]

1.Nf3 d5 2.c4 c6 3.b3 Bf5 4.g3 e6 5.Bb2 Nf6 6.Bg2 Be7 7.O-O h6 8.d3 O-O 9.Nbd2 a5
10.a3 Na6 11.Qc2 Bh7 12.Bc3 Rc8 13.Qb2 Ne8 14.b4 a4 15.Rac1 Bf6 16.e4 Bxc3
17.Qxc3 Nd6 18.Rfe1 Rc7 19.Rcd1 Kh8 20.Qd4 Nc8 21.Qa1 Ne7 22.Nf1 Ng8 23.Ne3 dxe4
24.dxe4 Qe7 25.e5 Rd8 26.c5 Rcd7 27.Nc4 Rxd1 28.Rxd1 Rxd1+ 29.Qxd1 Nxc5 30.bxc5 Qxc5
31.Qd4 Qd5 32.Nd6 Ne7 33.Qxa4 Bg6 34.Ng5  1-0

[Event "Gran Canaria op"]
[Site "Las Palmas"]
[Date "1997.??.??"]
[Round "?"]
[White "Lezcano Jaen, Pedro"]
[Black "Magem Badals, Jorge"]
[Result "1/2-1/2"]
[WhiteElo "2390"]
[BlackElo "2560"]

1.Nf3 d5 2.c4 dxc4 3.e3 Nf6 4.Bxc4 e6 5.O-O a6 6.b3 c5 7.Bb2 Be7 8.Be2 O-O
9.d4 Nbd7 10.Nbd2 b6 11.Qc2 Bb7 12.Rac1 Qb8 13.Qb1 Rc8 14.Qa1 b5 15.dxc5 Rxc5
16.Bd4 Rxc1  1/2-1/2

[Event "Gran Canaria op"]
[Site "Las Palmas"]
[Date "1997.??.??"]
[Round "?"]
[White "Brito, Alfredo"]
[Black "Lopez Colon, Francisco"]
[Result "1/2-1/2"]
[WhiteElo "2405"]
[BlackElo "2245"]

1.Nf3 d5 2.c4 c6 3.g3 g6 4.Bg2 Bg7 5.O-O e5 6.cxd5 cxd5 7.d3 Ne7 8.Nc3 O-O
9.Bd2 Nbc6 10.Rb1 h6 11.b4 a6 12.a4 Kh7 13.a5 b6 14.Qc2 Be6 15.axb6 Qxb6
16.Na4 Qb5 17.Nc5 Bg4 18.e3 Rad8 19.Rfc1 Bc8 20.Qa2 f5 21.Bf1 Qb6 22.d4 exd4
23.exd4 Nxd4 24.Nxd4 Bxd4 25.Bxh6 Bxf2+ 26.Qxf2 Kxh6 27.Nxa6 Qxf2+ 28.Kxf2 f4
29.Bd3 fxg3+ 30.Kxg3 Nf5+ 31.Bxf5 Bxf5 32.Rb2 Be4 33.Rf2 Rxf2 34.Kxf2 Ra8
35.Nc5 Ra2+ 36.Ke3 Rb2 37.Na6 Ra2 38.b5 Rb2 39.Nc7 Rb4 40.Rc5 g5 41.Nxd5  1/2-1/2

[Event "US-op"]
[Site "Las Vegas"]
[Date "1997.??.??"]
[Round "6"]
[White "Donaldson, John W"]
[Black "Gross, Ronald Jos"]
[Result "1-0"]
[WhiteElo "2515"]
[BlackElo "2280"]

1.Nf3 d5 2.c4 c6 3.e3 Nf6 4.Nc3 g6 5.d4 Bg7 6.Bd3 O-O 7.O-O Bg4 8.h3 Bxf3
9.Qxf3 e6 10.Rd1 Nbd7 11.Qe2 Rc8 12.Bd2 Qe7 13.Be1 Rfd8 14.Rac1 dxc4 15.Bxc4 e5
16.dxe5 Nxe5 17.Bb3 Rxd1 18.Rxd1 Rd8 19.Kf1 Rxd1 20.Qxd1 h6 21.a3 Ned7 22.Qc2 Nc5
23.Ba2 Qd6 24.Qxg6 Qd3+ 25.Qxd3 Nxd3 26.Nd1 Nd7 27.Bc3 Nb6 28.Bxg7 Kxg7 29.Bb1  1-0

[Event "Lazne Bohdanec-B"]
[Site "Lazne Bohdanec"]
[Date "1997.??.??"]
[Round "?"]
[White "Pribyl, Martin"]
[Black "Carmel, Ephraim"]
[Result "1-0"]
[WhiteElo "2305"]
[BlackElo "2270"]

1.Nf3 d5 2.c4 d4 3.b4 c5 4.Bb2 g6 5.e3 Bg7 6.bxc5 e5 7.exd4 exd4 8.Na3 a6
9.Nc2 Nc6 10.Bd3 Nge7 11.h3 O-O 12.O-O h6 13.Rb1 Be6 14.Ba1 Qd7 15.Re1 Rab8
16.Bf1 g5 17.d3 Ng6 18.Nd2 f5 19.Rb6 Rfe8 20.Nb3 Bf7 21.Ncxd4 Rxe1 22.Qxe1 Re8
23.Qd1 Nxd4 24.Nxd4 Bxd4 25.Rd6 Bxf2+ 26.Kxf2 Qc7 27.Bd4 Qa5 28.Kg1 Nf4 29.Rxh6 Kf8
30.Rh8+ Bg8 31.Qf3 Qe1 32.Kh2 Qe6 33.Qxb7 Qg6 34.Qd7 Ne6 35.Be5  1-0

[Event "Leeuwarden op"]
[Site "Leeuwarden"]
[Date "1997.??.??"]
[Round "6"]
[White "Boersma, Paulus A"]
[Black "Ernst, Sipke"]
[Result "0-1"]
[WhiteElo "2350"]
[BlackElo "2270"]

1.Nf3 d5 2.c4 c6 3.e3 Nf6 4.Nc3 g6 5.d4 Bg7 6.Be2 O-O 7.O-O a6 8.b3 Bg4 9.h3 Bxf3
10.Bxf3 e6 11.Ba3 Re8 12.Rc1 Nbd7 13.Bd6 Nb6 14.c5 Nbd7 15.Na4 e5 16.dxe5 Nxe5
17.Nb6 Ra7 18.b4 Nxf3+ 19.gxf3 Nd7 20.f4 Nxb6 21.cxb6 Ra8 22.Bc7 Qd7 23.Qg4 f5
24.Qd1 Re4 25.Qb3 Qe7 26.a3 Kh8 27.Rxc6 bxc6 28.b7 Re8 29.b8=Q Rxb8 30.Bxb8 Qd8
31.Be5 Bxe5 32.fxe5 Qg5+ 33.Kh2 f4 34.exf4 Rxf4 35.Qc3 d4 36.Qxc6 Qxe5 37.Qc5 Rxf2+  0-1

[Event "Jaen-ch"]
[Site "Linares"]
[Date "1997.??.??"]
[Round "5"]
[White "Castilla Ayllon, Juan"]
[Black "Ruiz Sanchez, Miguel A"]
[Result "0-1"]
[WhiteElo "1865"]
[BlackElo "2150"]

1.Nf3 d5 2.c4 c6 3.b3 Bf5 4.g3 Be4 5.Bg2 Bxf3 6.Bxf3 dxc4 7.bxc4 Qd4 8.Qb3 Qb6
9.Nc3 Qxb3 10.axb3 e5 11.Nb5 Kd8 12.Bb2 Nd7 13.Nc3 Ngf6 14.O-O Nc5 15.b4 Nb3
16.Ra4 Kc7 17.d3 Nd2 18.Re1 Nxf3+ 19.exf3 Nd7 20.b5 Nc5 21.b6+ Kxb6 22.Rb4+ Kc7
23.Nd5+ cxd5 24.Bxe5+ Bd6 25.cxd5 Nxd3 26.Rc4+ Kd7 27.Rb1 Nxe5 28.Rxb7+ Kd8
29.Ra4 Bc5 30.f4 Nd7 31.Ra6 Bb6 32.Ra1 Kc8 33.Rxb6 Nxb6 34.d6 Kd7  0-1

[Event "Jaen-ch"]
[Site "Linares"]
[Date "1997.??.??"]
[Round "6"]
[White "Millan Urrutia, JA."]
[Black "Castillo Gallego, Sergio"]
[Result "0-1"]
[WhiteElo "1915"]
[BlackElo "2170"]

1.Nf3 d5 2.c4 e6 3.b3 Nf6 4.Bb2 Be7 5.e3 O-O 6.Be2 b6 7.O-O Bb7 8.d3 c5 9.Nbd2 Nc6
10.a3 Qc7 11.Qc2 Rad8 12.Rfe1 Qb8 13.h3 Rfe8 14.Rad1 e5 15.cxd5 Nxd5 16.Nc4 Bf8
17.e4 Nf4 18.Bf1 Nd4 19.Nxd4 cxd4 20.b4 Rc8 21.Qb3 Rc6 22.Kh2 Bc8 23.g3 Nxh3
24.Bxh3 Rh6 25.Bc1 Rh5 26.f3 Bxh3 27.Kg1 Qc8 28.Re2 Be6 29.Qc2 Be7 30.g4 Rh3
31.Nxe5 Qxc2 32.Rxc2 Bb3 33.Rcd2 Bg5 34.Kg2 Bxd2 35.Rxd2 Rh6 36.f4 Rd6 37.Bb2 Rc8
38.Kf2 Rc2 39.Rxc2 Bxc2 40.Ke2 Rh6 41.Bxd4 Rh2+ 42.Ke1 f6 43.Nf3 Rh3 44.Ke2 Bxd3+
45.Ke3 Bc2 46.Kf2 Bxe4 47.Nd2 Rd3 48.Be3 Bd5 49.a4 Ra3 50.Nb1 Ra2+ 51.Kg3 Rxa4
52.Nc3 Ra3 53.Nxd5 Rd3 54.Nxf6+ gxf6 55.Kf2 a5 56.Ke2 Rxe3+ 57.Kxe3 a4 58.Kd2 b5
59.Kc3 Kg7 60.Kb2 h5  0-1

[Event "Linares Mex"]
[Site "Linares"]
[Date "1997.??.??"]
[Round "6"]
[White "Calderin, Roberto"]
[Black "Juarez Flores, Carlos A"]
[Result "1/2-1/2"]
[WhiteElo "2435"]
[BlackElo "2415"]

1.Nf3 d5 2.c4 e6 3.cxd5 exd5 4.d4 c5 5.g3 Nc6 6.Bg2 Nf6 7.O-O Be7 8.Nc3 O-O
9.dxc5 Bxc5 10.Na4 Be7 11.Nd4 Bd7 12.Be3 Qa5 13.Nxc6 Bxc6 14.Nc3 Rfd8 15.Bd4 Ne4
16.e3 Bf6 17.Bxf6 Nxf6 18.Qd4 Rac8 19.Rfc1 Be8 20.b3 Rc7 21.a3 Rdc8 22.Bh3 Bd7
23.Bxd7 Nxd7 24.b4 Qa6 25.Qxd5 Nf6 26.Qd1 h6 27.Ne4 Rxc1 28.Nxf6+ Qxf6 29.Rxc1 Rxc1
30.Qxc1 Qf3 31.Qd2 a6 32.Qd4 h5 33.a4 Qc6 34.a5 g6 35.e4 Qc7 36.h4 Qc6 37.Qd5 Qc7
38.e5 Kg7 39.Kg2 Qe7 40.Qd4 Qe6 41.Qd6 Qc4 42.Kh2 Qe4 43.Qf6+ Kg8 44.Qf4 Qd5
45.Kg1 Kg7 46.Kf1 Kg8 47.Ke1 Kf8 48.Qe3 Kg7 49.Qc5 Qe4+ 50.Kd2 Kg8 51.Qc8+ Kg7
52.Qc3 Kg8 53.f3 Qd5+ 54.Ke3 Kh7 55.Qd4 Qb3+ 56.Kf4 Qc2 57.g4 hxg4 58.fxg4 Qc1+
59.Ke4 Qh1+ 60.Kd3 Qd1+ 61.Kc3 Qc1+ 62.Kb3 Qb1+ 63.Ka3 Qc1+ 64.Kb3  1/2-1/2

[Event "Lisboa Honor"]
[Site "Lisboa"]
[Date "1997.??.??"]
[Round "3"]
[White "Morais, Vitor"]
[Black "Lima, Paulo"]
[Result "0-1"]
[WhiteElo "2180"]
[BlackElo "2125"]

1.Nf3 d5 2.c4 c6 3.e3 Nf6 4.b3 Bg4 5.Bb2 e6 6.Be2 Be7 7.O-O O-O 8.Ne5 Bf5
9.f4 Nbd7 10.Rf3 Nxe5 11.fxe5 Nd7 12.Rf1 Bg5 13.cxd5 cxd5 14.Ba3 Be7 15.Bxe7 Qxe7
16.Nc3 Qg5 17.Rf3 Nxe5 18.Rg3 Qe7 19.d4 Nc6 20.Rc1 Rac8 21.Bd3 Bg6 22.Bxg6 fxg6
23.Rf3 Rxf3 24.Qxf3 Rf8 25.Qe2 Qg5 26.Rd1 a6 27.Na4 Qe7 28.Nb2 e5 29.dxe5 Qxe5
30.Qd2 Kh8 31.Nd3 Qe7 32.Nf4 Rd8 33.Qf2 Qe4 34.Nxd5 Ne7 35.Nc3 Rxd1+ 36.Nxd1 h6
37.Qd2 Nf5 38.h3 Qb1 39.Kf2 Qe4 40.Nc3 Qh4+ 41.Kg1 Qg3 42.Nd5 Qe5 43.a4 Qa1+
44.Kh2 Nd6 45.Qd3 Qb2 46.Kg1 Qa1+ 47.Qf1 Qe5 48.Qd3 Qa1+ 49.Qf1 Qe5 50.Qf3 Qa1+
51.Kh2 Qe5+ 52.Nf4 Ne4 53.Kg1 Kh7 54.Nd3 Qa1+ 55.Kh2 Nd2 56.Qxb7 Nf1+ 57.Kg1 Ng3+
58.Kf2 Nh1+ 59.Ke2 Qa2+ 60.Kf3 Qc2 61.Qd5 Qd1+ 62.Ke4 Ng3+ 63.Ke5 Nf5 64.Nf4 Qa1+
65.Ke4 Qc3 66.Nd3 Qd2 67.Ke5 Qxe3+ 68.Qe4 Qg5 69.Qb7 Qf6+  0-1

[Event "SLO-chT"]
[Site "Ljubljana"]
[Date "1997.??.??"]
[Round "?"]
[White "Mohr, Georg"]
[Black "Farago, Ivan"]
[Result "1/2-1/2"]
[WhiteElo "2480"]
[BlackElo "2445"]

1.Nf3 d5 2.c4 d4 3.g3 c5 4.Bg2 Nc6 5.O-O e5 6.d3 Nf6 7.e3 Be7 8.Re1 O-O 9.exd4 exd4
10.Bg5 h6 11.Bxf6 Bxf6 12.Nbd2 Bd7 13.Ne4 Be7 14.Re2 Qc7 15.Qf1 Rae8 16.a3 b6
17.Rae1 Bd8 18.Ned2 Rxe2 19.Rxe2 Re8 20.Ne4 Kf8 21.Qe1 f5 22.Ned2 Rxe2 23.Qxe2 g5
24.h3 h5 25.Ne1 Qe5 26.Kf1 g4 27.hxg4 hxg4 28.Qxe5 Nxe5 29.Ke2 Ke7 30.Nc2 Kd6
31.b3 Bg5 32.Bd5 Bh6 33.Ne1 Nc6 34.Nc2 Nd8 35.Ne1 Ne6 36.Ng2 Ng5 37.Nf4 Nh7
38.Ng2 Nf6 39.Ba8 Bg5 40.Ne1 Bh6 41.Ng2 Be6 42.Nh4 Bg5 43.Ng2 Nd7 44.Ne1 Bh6
45.Ng2 Ne5 46.Ne1 Nc6 47.Nc2 Bd7 48.b4 Ne5  1/2-1/2

[Event "London Agency"]
[Site "London"]
[Date "1997.??.??"]
[Round "4"]
[White "Dunnington, Angus J"]
[Black "Hunt, Harriet"]
[Result "1/2-1/2"]
[WhiteElo "2445"]
[BlackElo "2330"]

1.Nf3 d5 2.c4 d4 3.g3 Nc6 4.Bg2 e5 5.d3 Nf6 6.O-O Nd7 7.e3 Nc5 8.exd4 exd4
9.Nbd2 Be7 10.Nb3 Ne6 11.Re1 Qd6 12.Ng5 Bxg5 13.Bxg5 O-O 14.Bd2 Re8 15.Qh5 Bd7
16.Be4 g6 17.Qh6 Rab8 18.Qh4 b5 19.Bh6  1/2-1/2

[Event "Rheinhessen-ch H2 op"]
[Site "Mainz"]
[Date "1997.??.??"]
[Round "1"]
[White "Luig, Benjamin"]
[Black "Dornhard, Oliver"]
[Result "1-0"]
[WhiteElo "1473"]
[BlackElo "1265"]

1.Nf3 d5 2.c4 c6 3.g3 Nf6 4.Bg2 Qc7 5.d3 e5 6.O-O Bd6 7.a3 a5 8.Nc3 Bf5 9.b3 d4
10.Na4 b5 11.Nb2 b4 12.Na4 Nbd7 13.Bg5 Qd8 14.c5 Nxc5 15.Nxc5 Bxc5 16.Nxe5 O-O
17.Nxc6 Qd6 18.axb4 axb4 19.Rxa8 Rxa8 20.Nxb4 Rb8 21.Bf4 Qb6 22.Bxb8 Qxb8
23.Na6 Qb6 24.Nxc5 Qxc5 25.Qc1 Qb4 26.Qc4 Qd6 27.b4 Be6 28.Qc5 Qxc5 29.bxc5 h6
30.Rc1 g5 31.c6 Ne8 32.c7 Nd6 33.Rb1 Ne8 34.Rb8  1-0

[Event "Manchester op"]
[Site "Manchester"]
[Date "1997.??.??"]
[Round "4"]
[White "Roktim, Bandyopadhyay"]
[Black "Okosieme, Iozeph"]
[Result "1-0"]
[WhiteElo "2275"]
[BlackElo "2040"]

1.Nf3 d5 2.c4 c6 3.b3 Bf5 4.Bb2 Nd7 5.g3 Ngf6 6.Bg2 e6 7.O-O Bd6 8.d4 O-O
9.Nbd2 Re8 10.Re1 Bg6 11.Nh4 Bh5 12.Qc1 Rc8 13.e4 dxe4 14.Nxe4 Nxe4 15.Rxe4 Nf6
16.Re1 Bb4 17.Re5 Bd6 18.Re1 Bb4 19.Re5 Bd6 20.Re3 Ng4 21.Rd3 Nxh2 22.c5 Bc7
23.d5 Ng4 24.d6 Rf8 25.Qc3 Qg5 26.dxc7 Rxc7 27.f3 Nh6 28.Qe5 Qxe5 29.Bxe5 Rcc8
30.g4 Bg6 31.Nxg6 hxg6 32.Rd7 f6 33.Bg3 Rf7 34.Rad1 Rcf8 35.Bf1 Re8 36.Bc4 Rfe7
37.Rxe7 Rxe7 38.Rd8+ Kf7 39.Bd6  1-0

[Event "Manresa op"]
[Site "Manresa"]
[Date "1997.??.??"]
[Round "3"]
[White "Spassov, Liuben"]
[Black "Marin Ionescu, Luiza"]
[Result "1-0"]
[WhiteElo "2425"]
[BlackElo "2220"]

1.Nf3 d5 2.c4 c6 3.e3 Nf6 4.Nc3 a6 5.b3 Bg4 6.Be2 Nbd7 7.O-O e5 8.h3 Bxf3
9.Bxf3 e4 10.Be2 Bd6 11.cxd5 cxd5 12.Bb2 O-O 13.d3 Nc5 14.Qd2 Qe7 15.dxe4 dxe4
16.Qd4 Qe5 17.Qxe5 Bxe5 18.Rfd1 Rfd8 19.Rab1 b5 20.Nxe4 Bxb2 21.Nxc5 Rxd1+
22.Rxd1 Ba3 23.Bf3  1-0

[Event "Manresa op"]
[Site "Manresa"]
[Date "1997.??.??"]
[Round "8"]
[White "Marin, Mihail"]
[Black "Garcia Cano, Antonio"]
[Result "1/2-1/2"]
[WhiteElo "2545"]
[BlackElo "2215"]

1.Nf3 d5 2.c4 e6 3.g3 g6 4.Bg2 Bg7 5.O-O Ne7 6.d4 Nbc6 7.e3 O-O 8.Nbd2 a5
9.b3 e5 10.dxe5 Bg4 11.Ba3 Nxe5 12.h3 Bf5 13.Nxe5 Bxe5 14.Rc1 Re8 15.Nf3 Bf6
16.Nd4 Be4 17.f3 Bf5 18.g4 Bd7 19.f4 dxc4 20.Bxb7 cxb3 21.Nxb3 Rb8 22.Bg2 Bb5
23.Qxd8 Rbxd8 24.Rfd1 Rxd1+ 25.Rxd1 a4 26.Na5 Bc3 27.Nb7 Nc6 28.Rd5 Ba6 29.Nc5 Bc4
30.Rd7 Rxe3 31.Bxc6 Re1+ 32.Kf2 Re2+ 33.Kf3 Rxa2 34.Bc1 Rc2 35.Be3 a3 36.f5 a2
37.Bh6 Rd2 38.Bxd2 a1=Q 39.Bxc3 Qxc3+ 40.Kf4 Qc1+ 41.Ke5 Qb2+ 42.Ke4 Qb4
43.Nd3 Bxd3+ 44.Kxd3 gxf5 45.gxf5 Qb1+ 46.Kd2 Qxf5 47.Rd3 Qf2+ 48.Kd1 Kg7
49.Rc3 f5 50.Bf3 c5 51.Be2 Kf6 52.Kd2 Qd4+ 53.Kc2 Ke5 54.Ra3 Qf2 55.Kd2 h5
56.Re3+ Kf4 57.Rc3 h4 58.Rd3 Qg1 59.Rf3+ Ke4 60.Rc3 Qd4+ 61.Kc2 Qf2 62.Kd2 Qd4+
63.Kc2 Qg1 64.Kd2 f4 65.Rc4+ Ke5 66.Rc3 Qd4+ 67.Kc2 Qa4+ 68.Kb2 Kd4 69.Rd3+ Ke4
70.Rc3 Qb4+ 71.Kc2 Qd4 72.Rc4 Qxc4+ 73.Bxc4 Kf3 74.Kd2 Kg3 75.Ke2 f3+ 76.Ke3  1/2-1/2

[Event "Mar del Plata op"]
[Site "Mar del Plata"]
[Date "1997.??.??"]
[Round "2"]
[White "Fiorito, Fabian"]
[Black "Gamboa, Juan"]
[Result "1-0"]
[WhiteElo "2470"]
[BlackElo "2175"]

1.Nf3 d5 2.c4 e6 3.d4 c5 4.e3 Nf6 5.Nc3 Nc6 6.cxd5 exd5 7.Be2 Be7 8.O-O O-O
9.dxc5 Bxc5 10.Nb5 a6 11.Nbd4 Ne4 12.Nxc6 bxc6 13.Qc2 Qd6 14.Bd3 Re8 15.b3 Ba7
16.Rd1 Bb8 17.Bb2 h6 18.Bxe4 Rxe4 19.Rac1 Re6 20.g3 Bb7 21.Nd4 Rg6 22.e4 Ba7
23.Nf5 Qe6 24.exd5 cxd5 25.Re1  1-0

[Event "Mar del Plata op"]
[Site "Mar del Plata"]
[Date "1997.??.??"]
[Round "3"]
[White "Szmetan, Jorge"]
[Black "Martino, Jorge"]
[Result "1-0"]
[WhiteElo "2405"]
[BlackElo "2245"]

1.Nf3 d5 2.c4 e6 3.b3 Nf6 4.g3 Be7 5.Bg2 O-O 6.O-O c5 7.e3 Nc6 8.Bb2 Qc7
9.Nc3 a6 10.cxd5 exd5 11.d4 Rd8 12.dxc5 Bxc5 13.Na4 Be7 14.Nd4 Bg4 15.Qc2 Rac8
16.Rac1 Qd7 17.Qb1 Nxd4 18.Bxd4 Rxc1 19.Rxc1 Qf5 20.Qxf5 Bxf5 21.Nb6 Bd6
22.Bxf6 gxf6 23.Bxd5 Kg7 24.Kg2 h6 25.Bxb7 Ba3 26.Rc7 Bd6 27.Rc4 Rb8 28.Bc8 Bd3
29.Rd4 Rxb6 30.Rxd3 Rc6 31.Bf5 a5 32.Rd5 Bb4 33.Rd7 Kf8 34.Ra7 Rc1 35.Bd3 Ra1
36.Bc4 Rxa2 37.Rxf7+  1-0

[Event "SLO-ch U16"]
[Site "Maribor"]
[Date "1997.??.??"]
[Round "?"]
[White "Podkriznik, Gregor"]
[Black "Soln, Primoz"]
[Result "1/2-1/2"]
[WhiteElo "2240"]
[BlackElo "2320"]

1.Nf3 d5 2.c4 e6 3.g3 dxc4 4.Qa4+ c6 5.Qxc4 b5 6.Qc2 Bb7 7.Bg2 c5 8.a4 a6
9.axb5 axb5 10.Rxa8 Bxa8 11.Na3 Qa5 12.O-O Nc6 13.d4 c4 14.e4 Nf6 15.d5 Nb4
16.Qe2 Nd3 17.Bg5 Bc5 18.Bxf6 gxf6 19.dxe6 fxe6 20.Nd2 Qb4 21.e5 Bxg2 22.Kxg2 Qxb2
23.exf6 Qxf6 24.Nxb5 O-O 25.Ne4 Qg7 26.Kg1 Bb6 27.Nbd6 Qd4 28.Nb5 Qe5 29.Nbc3 Bd4
30.Nd1 Kh8 31.Kg2 Nc5 32.Re1 Nd3 33.Rf1 Nc5 34.Re1 Nxe4 35.Qxe4 Qxe4+ 36.Rxe4 c3
37.Nxc3 Bxc3 38.Rxe6 Kg7 39.Re2 Bf6 40.Ra2 Bd4 41.Rd2 Bf6 42.Ra2 Kg6 43.Ra5 Bc3
44.Ra2 Kf5 45.Re2 Rd8 46.Re3 Bd4 47.Re2 Rc8 48.Kf3 Rc3+ 49.Kg2  1/2-1/2

[Event "Marostica op"]
[Site "Marostica"]
[Date "1997.??.??"]
[Round "1"]
[White "Quinn, Mark"]
[Black "De Vita, Gianni"]
[Result "0-1"]
[WhiteElo "2355"]
[BlackElo "2170"]

1.Nf3 d5 2.c4 c6 3.e3 e6 4.Nc3 f5 5.b3 Nf6 6.Bb2 Bd6 7.Qc2 O-O 8.Be2 Qe7
9.O-O b6 10.Rac1 Ne4 11.d3 Nxc3 12.Qxc3 Bb7 13.Ne5 Nd7 14.Nxd7 Qxd7 15.e4 c5
16.cxd5 exd5 17.e5 Bxe5 18.Qxe5 Rfe8 19.f4 Rxe5 20.Bxe5 d4 21.Bf3 a5 22.h4 Re8
23.h5 Re6 24.Rc2 Rh6 25.Bd1 Bd5 26.Kf2 Qe7 27.Rh1 g5 28.Bf3 Bxf3 29.gxf3 g4
30.Kf1 Qb7 31.Rf2 Qf7 32.fxg4 fxg4 33.Rg2 Qf5 34.Rh4 Qxd3+ 35.Kg1 Qe3+ 36.Kh2 d3
37.Rgxg4+ Kf7 38.Rh3 Qe2+ 39.Rg2 Qd1  0-1

[Event "CRO-chT"]
[Site "Medulin"]
[Date "1997.??.??"]
[Round "?"]
[White "Cebalo, Miso"]
[Black "Petrov, Jole"]
[Result "1/2-1/2"]
[WhiteElo "2540"]
[BlackElo "2365"]

1.Nf3 d5 2.c4 c6 3.d4 Nf6 4.Nc3 dxc4 5.a4 Na6 6.e4 Bg4 7.Bxc4 Bxf3 8.gxf3 e6
9.Be3 Nb4 10.a5 Be7 11.O-O O-O 12.Kh1 b5 13.axb6 axb6 14.Rc1 c5 15.Nb5 Nd7
16.d5 exd5 17.exd5 Ne5 18.b3 Qd7 19.f4 Ng6 20.Qh5 Nh4 21.Rcd1 Bf6 22.Rg1 Nf5
23.Qg4 g6 24.Nd6 Qxd6 25.Qxf5  1/2-1/2

[Event "Carlos Torre mem op"]
[Site "Merida"]
[Date "1997.??.??"]
[Round "7"]
[White "Gonzalez, JC."]
[Black "Calderin, Roberto"]
[Result "0-1"]
[WhiteElo "2485"]
[BlackElo "2420"]

1.Nf3 d5 2.c4 e6 3.g3 c5 4.Bg2 Nc6 5.O-O d4 6.d3 Nf6 7.e3 Be7 8.exd4 cxd4
9.a3 a5 10.Re1 O-O 11.Nbd2 Re8 12.Ne5 Nxe5 13.Rxe5 Ra7 14.b3 Nd7 15.Re1 Nc5
16.Qc2 Bf8 17.Rb1 b6 18.b4 Na6 19.bxa5 bxa5 20.Nf3 f6 21.Rb5 Nc5 22.a4 Na6
23.Qe2 Bb4 24.Bd2 Nc7 25.Rh5 Bb7 26.Rb1 Bxd2 27.Nxd2 Bxg2 28.Kxg2 Qa8+ 29.Qe4 e5
30.Qxa8 Raxa8 31.Rb7 Re7 32.Ne4 Nd5 33.Rxe7 Nxe7 34.Nd6 Rb8 35.Nb5 Nc6 36.Kf3 g6
37.Rh3 Nb4 38.Ke2 Na6 39.g4 Nc5 40.Kd2 Nxa4 41.g5 fxg5 42.Rg3 Nc3 43.Rg1 a4
44.Ra1 Nxb5 45.cxb5 Rxb5 46.Rxa4 Kg7 47.Ra7+ Kh6 48.h3 Rb1 49.Re7 Rh1 50.Rxe5 Rxh3
51.Rd5 Rf3 52.Ke2 Rf4 53.Kf1 g4 54.Kg2 g5 55.Rd6+ Kg7 56.Rd7+ Kg6 57.Rd6+ Kf5
58.Rh6 Rf3 59.Rxh7 Rxd3 60.Rf7+ Ke6 61.Rg7 Kf6 62.Rd7 g3 63.fxg3 g4 64.Rd8 Rd2+
65.Kf1 Kf5 66.Ke1 Rd3 67.Ke2 Re3+ 68.Kf2 Ke4 69.Rg8 Rf3+ 70.Kg2 Ke3 71.Re8+ Kd3  0-1

[Event "Metz op"]
[Site "Metz"]
[Date "1997.??.??"]
[Round "7"]
[White "Shpilker, Boris"]
[Black "Khenkin, Igor"]
[Result "0-1"]
[WhiteElo "2370"]
[BlackElo "2575"]

1.Nf3 d5 2.c4 c6 3.cxd5 cxd5 4.d4 Nf6 5.Nc3 Nc6 6.Bf4 Ne4 7.Qb3 e6 8.e3 g5
9.Nxe4 gxf4 10.Nc3 Bd6 11.exf4 Bxf4 12.Bd3 Qf6 13.O-O Bd7 14.Rfe1 O-O-O 15.Qa3 Rhg8
16.Nb5 a6 17.Nc3 Bc7 18.Re3 Nxd4 19.Nxd4 Qxd4 20.Bxa6 Qa7 21.Bxb7+ Kxb7 22.Qb3+ Qb6
23.Na4 Qxb3 24.Rxb3+ Kc6 25.Rc1+ Kd6 26.Nc5 Rc8 27.g3 Bd8 28.Rbc3 Bb6 29.b4 d4
30.Rf3 f5 31.Rf4 e5 32.Rh4 Bxc5 33.bxc5+ Rxc5 34.Rxc5 Kxc5 35.Rxh7 Bc6 36.Ra7 Rb8
37.Kf1 Bf3 38.Ke1 Rb1+ 39.Kd2 Rb2+ 40.Kc1 Rxf2 41.h4 d3  0-1

[Event "Mondariz op"]
[Site "Mondariz"]
[Date "1997.??.??"]
[Round "?"]
[White "Paunovic, Dragan"]
[Black "Giorgadze, Giorgi"]
[Result "0-1"]
[WhiteElo "2470"]
[BlackElo "2625"]

1.Nf3 d5 2.c4 e6 3.d4 Nf6 4.g3 Bb4+ 5.Bd2 Be7 6.Bg2 O-O 7.O-O c6 8.Qc2 b6
9.Bf4 Bb7 10.Rd1 Nbd7 11.cxd5 cxd5 12.Nc3 Rc8 13.Rac1 b5 14.Qb3 a6 15.Ne5 Nb6
16.a4 b4 17.Nb1 a5 18.Rxc8 Qxc8 19.Rc1 Qa8 20.Qd1 Rc8 21.Nd2 Ne4 22.f3 Nxd2
23.Bxd2 Nc4 24.Nd3 Ba6 25.b3 Nxd2 26.Qxd2 Rxc1+ 27.Nxc1 Qc6 28.Na2 e5 29.dxe5 Bc5+
30.e3 Qb6 31.Qxd5 Bxe3+ 32.Kh1 g5 33.h4 gxh4 34.gxh4 Qg6 35.e6 fxe6 36.Qxa5 Bf1
37.Qa8+ Kf7 38.f4 Qg3 39.Qf3 Qxh4+ 40.Bh3 Qxh3+  0-1